<?xml version="1.0" encoding="UTF-8"?><?xml-stylesheet type="text/xsl" href="static/style.xsl"?><OAI-PMH xmlns="http://www.openarchives.org/OAI/2.0/" xmlns:xsi="http://www.w3.org/2001/XMLSchema-instance" xsi:schemaLocation="http://www.openarchives.org/OAI/2.0/ http://www.openarchives.org/OAI/2.0/OAI-PMH.xsd"><responseDate>2026-04-13T05:05:08Z</responseDate><request verb="GetRecord" identifier="oai:www.recercat.cat:2072/237188" metadataPrefix="marc">https://recercat.cat/oai/request</request><GetRecord><record><header><identifier>oai:recercat.cat:2072/237188</identifier><datestamp>2025-03-11T16:33:47Z</datestamp><setSpec>com_2072_220028</setSpec><setSpec>com_2072_4427</setSpec><setSpec>col_2072_220407</setSpec></header><metadata><record xmlns="http://www.loc.gov/MARC21/slim" xmlns:dcterms="http://purl.org/dc/terms/" xmlns:xsi="http://www.w3.org/2001/XMLSchema-instance" xmlns:doc="http://www.lyncode.com/xoai" xsi:schemaLocation="http://www.loc.gov/MARC21/slim http://www.loc.gov/standards/marcxml/schema/MARC21slim.xsd">
   <leader>00925njm 22002777a 4500</leader>
   <datafield ind2=" " ind1=" " tag="042">
      <subfield code="a">dc</subfield>
   </datafield>
   <datafield ind2=" " ind1=" " tag="720">
      <subfield code="a">Institut Català d'Arqueologia Clàssica</subfield>
      <subfield code="e">author</subfield>
   </datafield>
   <datafield ind2=" " ind1=" " tag="260">
      <subfield code="c">2009</subfield>
   </datafield>
   <datafield ind2=" " ind1=" " tag="520">
      <subfield code="a">Aquesta obra recull els resums de les comunicacions orals i pòsters que es van presentar durant el IX Congrés Internacional de l’Association for the Study of Marbles and Other Stones in Antiquity (ASMOSIA), organitzat per l’ICAC en el marc del programa de recerca HAR2008-04600/HIST, amb el suport del programa d’Ajuts ARCS 2008 (referència expedient IR036826) de la Generalitat de Catalunya i del Ministeri de Ciència i Innovació (Accions Complementàries HAR2008-03181-E/HIST), i celebrat a Tarragona entre el 8 i el 13 de juny del 2009.</subfield>
   </datafield>
   <datafield ind1="8" ind2=" " tag="024">
      <subfield code="a">IX ASMOSIA International Conference Interdisciplinary Studies on Ancient Stone: Tarragona, 8-13th June 2009 (Book of abstracts). Institut Català d'Arqueologia Clàssica, 2009</subfield>
   </datafield>
   <datafield ind1="8" ind2=" " tag="024">
      <subfield code="a">http://hdl.handle.net/2072/237188</subfield>
   </datafield>
   <datafield ind2="0" ind1="0" tag="245">
      <subfield code="a">IX ASMOSIA International Conference Interdisciplinary Studies on Ancient Stone: Tarragona, 8-13th June 2009 (Book of abstracts)</subfield>
   </datafield>
</record></metadata></record></GetRecord></OAI-PMH>